| 000 | 00866cam a2200229 a 4500 | ||
|---|---|---|---|
| 999 |
_c12255 _d12255 |
||
| 003 | OSt | ||
| 005 | 20240117115551.0 | ||
| 008 | 070829s2008 cauab b 001 0 eng | ||
| 020 | _a9780936070421 (pbk. : alk. paper) | ||
| 041 | 1 |
_aeng _hspa |
|
| 082 | 0 | 0 |
_a720.47 _222 _bLEN |
| 100 | 1 | _aLengen, Johan van. | |
| 240 | 1 | 0 |
_aManual del arquitecto descalzo. _lEnglish |
| 245 | 1 | 4 |
_aThe barefoot architect : _ba handbook for green building / _cby Johan van Lengen. |
| 260 |
_aBolinas, Calif., U.S.A : _bShelter Publications, _cc2008. |
||
| 300 |
_a705 p. : _bill., maps ; _c22 cm. |
||
| 504 | _aIncludes bibliographical references (p. [unpaged]) and index. | ||
| 650 | 0 |
_aSustainable buildings _xDesign and construction. |
|
| 650 | 0 | _aSustainable architecture. | |
| 856 | 4 | 1 |
_3Table of contents only _uhttp://www.loc.gov/catdir/toc/ecip0726/2007035835.html |
| 942 | _2ddc | ||